| 000 | 02036nam2a22003251 4500 | ||
|---|---|---|---|
| 001 | RU\NLR\A1SV\80306 | ||
| 005 | 20260412063608.0 | ||
| 035 | _a(NLR Aleph) 009761750 | ||
| 090 |
_a13483408 _c13483408 |
||
| 100 | _a20070627d1922 u y0rusy50 ca | ||
| 101 | 0 | _arus | |
| 200 | 0 | _a1 | |
| 215 | _a96 с. | ||
| 327 | 0 | _aАвт.: Анна Ахматова, Ю.Верховский, Леонид Гроссман, Константин Липскеров, О.Мандельштам, София Парнок, Сергей Соловьев, Владислав Ходасевич, С.Шервинский, Абрам Эфрос и др. | |
| 461 | 1 |
_1001RU\NLR\A1SV\80305 _12000#$aЛирический круг$eСтраницы поэзии и критики$v1 _910021468 _cМ. _d1922 _nСев. дни _oСтраницы поэзии и критики _tЛирический круг _v1 |
|
| 702 | 1 |
_8rus _7ca _aАхматова _bА. А. _f1889-1966 _gАнна Андреевна _3RU\NLR\AUTH\77506 _9110555 |
|
| 702 | 1 |
_8rus _7ca _aВерховский _bЮ. Н. _f1878-1956 _gЮрий Никандрович _3RU\NLR\AUTH\77100426 _983352 |
|
| 702 | 1 |
_aГроссман _bЛ.П. _f1888-1965 _gЛеонид Петрович |
|
| 702 | 1 |
_aЛипскеров _bК. _gКонстантин |
|
| 702 | 1 |
_8rus _7ca _aМандельштам _bО. Э. _f1891-1938 _gОсип Эмильевич _3RU\NLR\AUTH\77504 _9110553 |
|
| 702 | 1 |
_4070 _8rus _7ca _aПарнок _bС. Я. _f1885-1933 _gСофия Яковлевна _3RU\NLR\auth\775527 _9115491 |
|
| 702 | 1 |
_aСоловьев _bС.М. _f1885-1942 _gСергей Михайлович |
|
| 702 | 1 |
_aХодасевич _bВ.Ф. _f1886-1939 _gВладислав Фелицианович |
|
| 702 | 1 |
_4070 _7ca _8rus _aШервинский _bС. В. _f1892-1991 _gСергей Васильевич _9118384 _3RU\NLR\auth\778479 |
|
| 702 | 1 |
_8rus _7ca _aЭфрос _bА. М. _f1888-1954 _gАбрам Маркович _3RU\NLR\AUTH\7711148 _9120902 |
|
| 801 | 0 |
_aRU _bNLR _c20070627 |
|
| 942 | _cBOOK | ||
| 980 | _aA1SV | ||
| 980 | _aNB | ||